|
|
|
|
| LEADER |
00000ny a22000003n 4500 |
| 005 |
20110601141355.0 |
| 008 |
041230s2002 sp s 000 0 spa c |
| 017 |
|
|
|a D.L. M36410-2002
|
| 020 |
|
|
|a 8484940470
|
| 035 |
|
|
|a 1655
|
| 040 |
|
|
|a SpMaUCDE
|d vLex
|
| 040 |
|
|
|a UMA.RE
|d vLex
|
| 080 |
|
|
|a 347.72.02/.03(460)
|
| 090 |
|
|
|c 414
|d 414
|
| 100 |
1 |
|
|a Moralejo Menňdez, Ignacio
|
| 245 |
1 |
0 |
|a Sociedad en formacin̤ y defensa del patrimonio social
|h [Recurso electrn̤ico]
|c Ignacio Moralejo Menňdez ; prl̤ogo de Jos ̌Antonio Garca̕-Cruces Gonzl̀ez
|
| 256 |
|
|
|a Servicio en ln̕ea
|
| 260 |
|
|
|a [Madrid] :
|b EDERSA,
|c [2002]
|
| 300 |
|
|
|a 274 p. ;
|c 22 cm
|
| 504 |
|
|
|a Bibliografa̕: p. 263-274
|
| 506 |
1 |
|
|a Contenido solo disponible en los productos indicados
|d vLex Global
|d vLex Global (Academic Edition, excluding Law Schools)
|d vLex Global (U.S. Academic Edition, Law Schools)
|d vLex Global (U.S. Academic Edition, excluding Law Schools)
|d vLex Global (Academic Edition, Law Schools)
|
| 650 |
0 |
7 |
|a Societario
|2 Tesauro vLex
|
| 650 |
0 |
7 |
|a Sociedad en formacin̤
|2 Tesauro vLex
|
| 740 |
0 |
|
|a vLex Libros (Servicios en ln̕ea)
|
| 856 |
4 |
0 |
|u http://vlex.com/source/1655
|z Acceso restringido
|
| 942 |
|
|
|c BOOK
|
| 999 |
0 |
|
|a Information society
|b Madrid
|